000 00805 a2200229 4500
005 20140903175000.0
008 131212s2013 ag ||||fr|||| 000 0dspa d
020 _a9789871673872
040 _aCO-BoUCM
_bspa
_cJose A. Gerena
_dDiana Londoño
041 0 0 _aspa
100 1 _aRancière, Jacques
_952864
245 1 0 _aFiguras de la historia
_cJacques Rancière , traducción de Cecilia González
260 _bEterna Cadencia
_aBuenos Aires (Argentina)
_c2013
300 _a85 páginas
650 7 _aArte
_vEnsayos, conferencias, etc.
_xHistoria
_953302
650 7 _aEnsayo filosófico
_953303
690 _942814
_aFilosofía
700 1 _aGonzález, Cecilia
_etraductor
_952865
765 _tFigures de l´histoire
942 _a2
_cLIBRO
_e1
_mR185f
_2DEWEY
_h190
999 _c182982
_d182982